Raising a happy child

Bibliographic Details
Format: Book
Published: S.l. : Time Life Asia , 2000
Series:Successful Parenting
Subjects:

MARC

LEADER 00000cam a2200000 7i4500
001 0000073758
005 20031025.0
020 |a 0783530021 
090 0 0 |a 649.1   |b RAI 
245 0 0 |a Raising a happy child 
260 |a S.l. :   |b Time Life Asia ,   |c 2000 
300 |a 99p. ;   |c 30cm. 
490 0 |a Successful Parenting 
650 0 0 |a Child rearing 
650 0 0 |a Parent and child 
999 |a 00157193   |b BUKU   |c RUJUKAN   |e PERPUSTAKAAN KOMUNITI PETALING JAYA